[Event "AUTO-INT-676"]
[Site "http://www.queenalice.com/game.php?id=299749"]
[Date "2007.11.7"]
[Round "1"]
[White "adriano_asa"]
[Black "fabcosta"]
[Result "0-1"]
[WhiteElo "1601"]
[BlackElo "1713"]

1. e4 c5 2. Bc4 e6 3. Nf3 Nc6 4. O-O d5 5. exd5 exd5 6. Bb5 Bd7 7. Re1+ Be7 8.
d4 cxd4 9. Nxd4 Nf6 10. Nxc6 bxc6 11. Ba4 O-O 12. Nc3 Re8 13. a3 Qb6 14. b4 a5
15. Be3 Qb7 16. bxa5 Rxa5 17. Rb1 Qa6 18. Rb6 Qc4 0-1

[Event "AUTO-ADV-731"]
[Site "http://www.queenalice.com/game.php?id=313961"]
[Date "2007.12.2"]
[Round "1"]
[White "luizito13"]
[Black "adriano_asa"]
[Result "1-0"]
[WhiteElo "1890"]
[BlackElo "1638"]

1. e4 e5 2. Nf3 d6 3. d4 Bg4 4. dxe5 Bxf3 5. gxf3 dxe5 6. Qxd8+ Kxd8 7. Be3 Nc6
8. c3 Nf6 9. Nd2 Ke8 10. O-O-O b6 11. Bb5 Rd8 12. Bxc6+ Ke7 13. Nc4 Rxd1+ 14.
Rxd1 Ke6 15. Rd8 Ke7 16. Rc8 Ke6 17. f4 exf4 18. Bxf4 h5 19. Bxc7 g5 20. e5 Nd5
21. Re8+ Ne7 22. Bd6 Rh7 23. Be4 Rh8 24. Bxe7 Bg7 25. Rxh8 Bxh8 26. Bxg5 Bxe5
27. f4 f6 28. f5+ Ke7 29. Bh4 1-0

[Event "AUTO-ADV-731"]
[Site "http://www.queenalice.com/game.php?id=313962"]
[Date "2007.12.2"]
[Round "1"]
[White "adriano_asa"]
[Black "luizito13"]
[Result "0-1"]
[WhiteElo "1631"]
[BlackElo "1897"]

1. e4 c5 2. d4 cxd4 3. Qxd4 Nc6 4. Qd1 Nf6 5. Nc3 d6 6. Bc4 Bg4 7. Be2 Bxe2 8.
Ngxe2 g6 9. O-O Bg7 10. Rb1 Rc8 11. a4 a6 12. b4 Nh5 13. b5 Na5 14. Bd2 Nc4 15.
bxa6 bxa6 16. Nd5 e6 17. Ndf4 Nxd2 18. Qxd2 Bh6 19. Rbd1 Nxf4 20. Nxf4 e5 21.
Qxd6 Qxd6 22. Rxd6 Bxf4 23. Rxa6 O-O 24. g3 Bd2 25. Rb1 Rxc2 26. Rab6 Ra2 27.
R6b5 Rxa4 28. Rxe5 Bc3 29. Re7 Bf6 30. Rd7 Rxe4 31. Kg2 Rfe8 32. Rbb7 R4e7 33.
Rxe7 Rxe7 0-1

[Event "AUTO-ADV-731"]
[Site "http://www.queenalice.com/game.php?id=313977"]
[Date "2007.12.2"]
[Round "1"]
[White "third3knight"]
[Black "adriano_asa"]
[Result "1-0"]
[WhiteElo "1706"]
[BlackElo "1658"]

1. e4 e5 2. Nf3 Nc6 3. Nc3 d6 4. Bc4 Bg4 5. d3 Be7 6. Nd5 Nf6 7. Nxe7 Qxe7 8.
Be3 O-O 9. h3 Bxf3 10. Qxf3 a6 11. Qg3 b5 12. Bh6 Nh5 13. Qg4 Qf6 14. Bg5 Qg6
15. Bd5 Nb4 16. O-O Nxd5 17. exd5 h6 18. Be7 Qxg4 19. hxg4 Rfe8 20. Bxd6 cxd6
21. gxh5 Rac8 22. Rac1 Rc5 23. c4 bxc4 24. dxc4 e4 25. b3 a5 26. a4 f5 27. Rfe1
f4 28. Rc3 Re5 29. g4 fxg3 30. fxg3 Rxh5 31. Rxe4 Re5 32. Rce3 Rxe4 33. Rxe4 1-0

[Event "AUTO-ADV-731"]
[Site "http://www.queenalice.com/game.php?id=313978"]
[Date "2007.12.2"]
[Round "1"]
[White "adriano_asa"]
[Black "third3knight"]
[Result "0-1"]
[WhiteElo "1639"]
[BlackElo "1720"]

1. e4 e5 2. Nf3 Nf6 3. Nc3 Bb4 4. Nd5 Nxd5 5. exd5 d6 6. c3 Ba5 7. b4 Bb6 8. Qe2
O-O 9. d3 Bg4 10. Qe4 Bxf3 11. Qxf3 c6 12. dxc6 Nxc6 13. Qg3 Rc8 14. Bh6 Qf6 15.
Bg5 Bxf2+ 16. Qxf2 Qxg5 17. b5 Ne7 18. Qxa7 Rxc3 19. Be2 Rc1+ 20. Bd1 Rxa1 21.
O-O Nd5 22. Qxb7 Ne3 23. Qf3 Nxf1 24. Kxf1 Rxa2 25. Be2 Qf6 26. Qxf6 gxf6 27. g4
Rb8 28. h4 Rxb5 29. d4 Rb1+ 0-1

[Event "AUTO-ADV-731"]
[Site "http://www.queenalice.com/game.php?id=313987"]
[Date "2007.12.2"]
[Round "1"]
[White "lstratz"]
[Black "adriano_asa"]
[Result "0-1"]
[WhiteElo "1907"]
[BlackElo "1613"]

1. e4 e5 2. Nf3 Nf6 3. Nc3 d5 4. exd5 Nxd5 5. Bc4 Nxc3 6. bxc3 e4 7. Nd4 g6 8.
O-O Bg7 9. Ne2 Bg4 10. Qe1 O-O 11. h3 Be6 12. Bxe6 fxe6 13. Bb2 Be5 14. Ng3 Bxg3
15. fxg3 Rxf1+ 16. Kxf1 Qf6+ 17. Qf2 Qxf2+ 18. Kxf2 Nd7 19. Re1 Nc5 20. Ba3 b6
21. Bxc5 bxc5 22. Rxe4 Rf8+ 23. Ke2 Rf6 24. Rf4 Rxf4 25. gxf4 Kf7 26. Ke3 Kf6
27. Ke4 c6 28. c4 h6 0-1

[Event "AUTO-ADV-731"]
[Site "http://www.queenalice.com/game.php?id=313988"]
[Date "2007.12.2"]
[Round "1"]
[White "adriano_asa"]
[Black "lstratz"]
[Result "1-0"]
[WhiteElo "1583"]
[BlackElo "1937"]

1. e4 c5 2. d4 cxd4 3. Qxd4 Nc6 4. Qd1 g6 5. Bb5 Bg7 6. c3 e6 7. Qd6 Nge7 8. Bg5
f6 9. Bf4 O-O 10. Bxc6 Nxc6 11. g3 Qe7 12. Qxe7 Nxe7 13. Bd6 Re8 14. Ne2 f5 15.
Nd2 Nc6 16. O-O b6 17. a4 Bb7 18. f3 Be5 19. Bxe5 Nxe5 20. Rf2 fxe4 21. fxe4 Rf8
22. Raf1 Rxf2 23. Rxf2 Nd3 24. Rf1 Nxb2 25. Ra1 Nd3 26. Nf4 Nxf4 27. gxf4 Rc8
28. Rc1 d5 29. e5 Kg7 30. Nf3 Rc4 31. Nd4 1-0

[Event "AUTO-INT-649"]
[Site "http://www.queenalice.com/game.php?id=397943"]
[Date "2008.5.4"]
[Round "2"]
[White "adriano_asa"]
[Black "JesterMike"]
[Result "1-0"]
[WhiteElo "1678"]
[BlackElo "1695"]

1. e4 e5 2. Nf3 d6 3. Bb5+ Bd7 4. Bc4 Nf6 5. Nc3 Ng4 6. O-O c6 7. d3 h6 8. h3
Nf6 9. a3 b5 10. Bb3 a5 11. d4 a4 12. Ba2 Be7 13. dxe5 dxe5 14. Nxe5 Be6 15.
Qxd8+ Bxd8 16. Bxe6 fxe6 17. Ng6 Rh7 18. e5 Nd5 19. Ne4 Kf7 20. Nf4 Nd7 21. Nxd5
cxd5 22. Nd6+ Ke7 23. Re1 g5 24. Nxb5 Rc8 25. c3 Rf7 26. Nd6 Nxe5 27. Nxc8+ 1-0

[Event "AUTO-ADV-935"]
[Site "http://www.queenalice.com/game.php?id=415939"]
[Date "2008.6.11"]
[Round "1"]
[White "CJ"]
[Black "adriano_asa"]
[Result "1/2-1/2"]
[WhiteElo "1706"]
[BlackElo "1718"]

1. e4 e5 2. Nf3 Nc6 3. Bc4 h6 4. c3 Nf6 5. d3 Bc5 6. Be3 Bxe3 7. fxe3 Ng4 8. Qd2
d6 9. O-O O-O 10. Qe2 h5 11. h3 Nh6 12. Nbd2 Be6 13. b3 Bxc4 14. Nxc4 b5 15.
Ncd2 b4 16. c4 g6 17. Qe1 f5 18. Nh4 Ne7 19. d4 fxe4 20. Rxf8+ Qxf8 21. Qf1 exd4
22. exd4 e3 23. Qxf8+ Rxf8 24. Ndf3 Nef5 25. Nxf5 Nxf5 26. d5 Kg7 27. Ng5 Re8
28. Ne6+ Rxe6 29. dxe6 Kf6 30. a3 a5 31. axb4 axb4 32. Ra8 e2 33. Kf2 Nd4 34.
Re8 Nxe6 35. Kxe2 Nd4+ 36. Ke3 Nxb3 37. Rb8 c5 38. Ke4 Ke6 39. Re8+ Kf7 40. Ra8
Ke6 41. Re8+ Kf7 42. Rd8 Ke7 43. Rg8 Kf7 44. Rd8 Ke7 45. Rg8 Kf7 46. Rd8 1/2-1/2

[Event "AUTO-ADV-935"]
[Site "http://www.queenalice.com/game.php?id=415940"]
[Date "2008.6.11"]
[Round "1"]
[White "adriano_asa"]
[Black "CJ"]
[Result "1-0"]
[WhiteElo "1718"]
[BlackElo "1693"]

1. e4 e5 2. Nf3 Nc6 3. Bb5 Bc5 4. Bxc6 bxc6 5. O-O d6 6. d3 Qf6 7. Bg5 Qg6 8.
Qd2 Rb8 9. b3 f6 10. Be3 Bh3 11. Nh4 Qg4 12. Bxc5 dxc5 13. f3 Qxh4 14. gxh3 Qxh3
15. Qf2 Ne7 16. Qxc5 Ng6 17. Qxc6+ Kd8 18. Qd5+ Ke7 19. Qc5+ Kd7 20. Qxa7 Nf4
21. Qf2 h5 22. Nc3 c6 23. Qg3 Qxg3+ 24. hxg3 Nh3+ 25. Kg2 Ng5 26. f4 Nf7 27.
fxe5 Nxe5 28. a4 Ke6 29. d4 Ng4 30. d5+ cxd5 31. exd5+ Kd6 32. Rfe1 h4 33. gxh4
Rxh4 34. Kg3 g5 35. Re6+ Kc5 36. d6 f5 37. d7 Rd8 38. Rd1 f4+ 39. Kf3 Rh3+ 40.
Kxg4 Rxc3 41. Re8 Rxd7 42. Rxd7 Kb4 43. Rb7+ Ka3 44. a5 Rxc2 45. a6 Rg2+ 46. Kf3
Rg3+ 47. Kf2 Rxb3 48. Rxb3+ Kxb3 49. a7 1-0

[Event "AUTO-ADV-935"]
[Site "http://www.queenalice.com/game.php?id=415947"]
[Date "2008.6.11"]
[Round "1"]
[White "Rapha66"]
[Black "adriano_asa"]
[Result "1-0"]
[WhiteElo "1869"]
[BlackElo "1702"]

1. e4 Nf6 2. Nc3 e5 3. Nf3 Nc6 4. Bb5 Bb4 5. Bxc6 Bxc3 6. dxc3 bxc6 7. Nxe5 Nxe4
8. Qf3 Qe7 9. Qxe4 f6 10. O-O Qxe5 11. Re1 Qxe4 12. Rxe4+ Kf7 13. Bf4 d6 14.
Rae1 g5 15. Re7+ Kg6 16. Bg3 Bf5 17. Rxc7 Rae8 18. Rxe8 Rxe8 19. f3 Re2 20. Rxc6
Rxc2 21. Bxd6 Rxb2 22. Be7 1-0

[Event "AUTO-ADV-935"]
[Site "http://www.queenalice.com/game.php?id=415948"]
[Date "2008.6.11"]
[Round "1"]
[White "adriano_asa"]
[Black "Rapha66"]
[Result "1-0"]
[WhiteElo "1693"]
[BlackElo "1922"]

1. d4 Nc6 2. d5 Nb8 3. e4 c6 4. Nc3 Nf6 5. dxc6 bxc6 6. Bc4 e5 7. Nf3 Qc7 8. Ng5
d5 9. exd5 cxd5 10. Bxd5 Nxd5 11. Nxd5 Qd8 12. O-O Bb7 13. Nc3 Be7 14. Qxd8+
Bxd8 15. Rd1 Bxg5 16. Bxg5 O-O 17. Be7 Re8 18. Bd6 Nc6 19. Nb5 Red8 20. Rd2 a6
21. Nc7 Rac8 22. Rad1 Nd4 23. Bxe5 Ne2+ 24. Kf1 Rxd2 25. Rxd2 Nc1 26. a4 Na2 27.
c4 Nb4 28. c5 f6 29. Bc3 Na2 30. Ne6 Nc1 31. Rd7 Bc6 32. Rxg7+ Kh8 33. Bxf6 Rc7
34. Rxc7+ Kg8 35. Rxc6 1-0

[Event "AUTO-OPEN-1216"]
[Site "http://www.queenalice.com/game.php?id=442213"]
[Date "2008.8.1"]
[Round "1"]
[White "ricardosf"]
[Black "adriano_asa"]
[Result "1-0"]
[WhiteElo "1415"]
[BlackElo "1733"]

1. e4 e5 2. d4 exd4 3. Bc4 Nc6 4. Qf3 Nf6 5. c3 dxc3 6. Nxc3 Bc5 7. Nd5 Nd4 8.
Nxf6+ gxf6 9. Qh5 Nc2+ 10. Kd2 Nxa1 11. Qxf7# 1-0

[Event "AUTO-OPEN-1216"]
[Site "http://www.queenalice.com/game.php?id=442214"]
[Date "2008.8.1"]
[Round "1"]
[White "adriano_asa"]
[Black "ricardosf"]
[Result "1-0"]
[WhiteElo "1713"]
[BlackElo "1510"]

1. c3 e5 2. d4 exd4 3. cxd4 Bb4+ 4. Bd2 Bxd2+ 5. Qxd2 h6 6. e4 d5 7. exd5 Qxd5
8. Qe3+ Ne7 9. Nc3 Qa5 10. Nf3 O-O 11. O-O-O Nf5 12. Qe4 Nc6 13. g4 Nce7 14.
gxf5 Nxf5 15. Ne5 Nd6 16. Qd5 Qxd5 17. Nxd5 Nb5 18. Bxb5 f6 19. Nxc7 Rb8 20. Nd7
Bxd7 21. Bxd7 Rbd8 22. Be6+ Kh7 23. Bf5+ g6 24. Be6 Rd6 25. d5 Rc8 26. Bxc8 1-0

[Event "AUTO-OPEN-1216"]
[Site "http://www.queenalice.com/game.php?id=442237"]
[Date "2008.8.1"]
[Round "1"]
[White "adriano_asa"]
[Black "Krajnicov"]
[Result "1-0"]
[WhiteElo "1710"]
[BlackElo "1484"]

1. e4 e5 2. Nf3 Qf6 3. Bc4 Bc5 4. d3 h6 5. O-O g5 6. h3 g4 7. hxg4 h5 8. g5 Qg6
9. Nxe5 Qh7 10. Nxf7 d5 11. Bxd5 c6 12. Bb3 h4 13. Nxh8 Qxh8 14. Qf3 Kd8 15.
Bxg8 Qxg8 16. Qf6+ Kc7 17. Qe5+ Bd6 18. Qd4 a6 19. a4 Be6 20. e5 Be7 21. Qxh4
Nd7 22. Bf4 Qg7 23. Qh6 Qf7 24. g6 Qf5 25. g7 Qg4 26. f3 Qf5 27. g4 Qf7 28. d4
Rg8 29. c4 Nf8 30. gxf8=Q Bxf8 31. Qf6 Qd7 32. Nc3 Bxc4 33. e6+ Bd6 34. exd7 1-0

[Event "AUTO-OPEN-1216"]
[Site "http://www.queenalice.com/game.php?id=442238"]
[Date "2008.8.1"]
[Round "1"]
[White "Krajnicov"]
[Black "adriano_asa"]
[Result "0-1"]
[WhiteElo "1466"]
[BlackElo "1704"]

1. e4 e5 2. Qf3 Nf6 3. Bc4 Nc6 4. c3 Bc5 5. g4 O-O 6. Ne2 d6 7. g5 Bg4 8. Qg3
Nxe4 9. Qg2 Bf5 10. h4 Bxf2+ 11. Kd1 Bc5 12. d3 Nf2+ 13. Kd2 Nxh1 14. Qxh1 Rb8
15. b3 Na5 16. Bd5 c6 17. Bf3 Qb6 18. Na3 Be3+ 19. Kc2 Bxc1 20. Rxc1 Rbc8 21.
Nc4 Nxc4 22. bxc4 Qe3 23. Ng3 Qxd3+ 24. Kb3 b5 25. Nxf5 Qxf5 26. Rg1 bxc4+ 27.
Ka4 Qc2+ 28. Ka5 Qxa2+ 0-1

[Event "AUTO-OPEN-1216"]
[Site "http://www.queenalice.com/game.php?id=442239"]
[Date "2008.8.1"]
[Round "1"]
[White "adriano_asa"]
[Black "salso"]
[Result "0-1"]
[WhiteElo "1717"]
[BlackElo "2019"]

1. d4 d5 2. Nf3 e6 3. Bf4 Bd6 4. Bxd6 cxd6 5. e3 Nf6 6. Bb5+ Bd7 7. Nc3 Bxb5 8.
Nxb5 Qa5+ 9. Nc3 Ne4 10. Qd3 Nxc3 11. Qxc3 Qxc3+ 12. bxc3 Nd7 13. Rb1 b6 14. g4
Ke7 15. Kd2 Rhc8 16. h4 Nf6 17. Ng5 h6 18. Nf3 Ne4+ 19. Ke1 Rxc3 20. Rb2 Rac8
21. Nd2 Rxc2 22. Rxc2 Rxc2 23. Nxe4 dxe4 24. Rf1 Rxa2 25. f3 Ra1+ 26. Kf2 Rxf1+
27. Kxf1 exf3 28. Kf2 a5 29. Kxf3 a4 30. Ke2 a3 0-1

[Event "AUTO-OPEN-1216"]
[Site "http://www.queenalice.com/game.php?id=442240"]
[Date "2008.8.1"]
[Round "1"]
[White "salso"]
[Black "adriano_asa"]
[Result "1-0"]
[WhiteElo "2036"]
[BlackElo "1721"]

1. e4 Nf6 2. Nc3 e5 3. Bc4 Bc5 4. d3 d6 5. h3 O-O 6. Nf3 Nc6 7. Na4 b6 8. Nxc5
bxc5 9. c3 h6 10. O-O Qe7 11. Be3 Rb8 12. Qc2 Be6 13. b3 Bxc4 14. dxc4 a5 15.
Nd2 Nh5 16. f4 Ng3 17. Rf3 exf4 18. Bxf4 Ne2+ 19. Kh2 Nxf4 20. Rxf4 Qe5 21. g3
g6 22. Raf1 f5 23. exf5 Rxf5 24. Rxf5 gxf5 25. Qxf5 Qxc3 26. Qf7+ Kh8 27. Qf6+
Qxf6 28. Rxf6 Kg7 29. Re6 Rf8 30. Kg2 Rf7 31. Re8 Re7 32. Rxe7+ Nxe7 33. Kf3 Kg6
34. Ke4 Nf5 35. g4 Nd4 36. Nf3 1-0